000
00265nam a2200109Ia 4500
008
190914s9999||||xx |||||||||||||| ||und||
100
_a
Doctor Syed Abdullah
245
0
_a
Wajih Say Abdul Haq Tak
260
_a
Lahore
_b
Sang-e-Meel
_c
2007
300
_a
502
942
_c
BK
999
_c
9279
_d
9279